Estudio nacional del consumo de alcohol, tabaco y drogas en la población escolar de Chile: octavo básico a cuarto medio, estimaciones poblacionales
Guardado en:
| Formato: | Libro |
|---|---|
| Lenguaje: | español |
| Publicado: |
Santiago
Ministerio de Educación
1997
|
| Materias: | |
| Etiquetas: |
Agregar Etiqueta
Sin Etiquetas, Sea el primero en etiquetar este registro!
|
MARC
| LEADER | 00000nam a2200000 a 4500 | ||
|---|---|---|---|
| 001 | UCP1965 | ||
| 003 | CL-VaPUC | ||
| 008 | 990430e19970000CL |||||||||||||||||spa|d | ||
| 082 | 0 | 4 | |a 362.29 |b MIN |2 21 |
| 245 | 1 | 0 | |a Estudio nacional del consumo de alcohol, tabaco y drogas en la población escolar de Chile: octavo básico a cuarto medio, estimaciones poblacionales |
| 300 | |a 176 p | ||
| 942 | |c BK | ||
| 945 | |d 19990430 00:00:00 |a rbrito | ||
| 260 | |a Santiago |b Ministerio de Educación |c 1997 | ||
| 650 | 7 | |a CONTROL DE DROGAS |2 CL-VaPUC |9 428326 | |
| 650 | 0 | |a Consumo de drogas |9 390009 | |
| 650 | 7 | |a DROGACCION |2 CL-VaPUC |9 428327 | |
| 650 | 0 | |a Educación básica |9 224933 | |
| 650 | 0 | |a Alcohol |9 406704 | |
| 650 | 0 | |a Tabaco |9 343563 | |
| 583 | |a last modification |c 19990430 00:00:00 |k Rodrigo Vera | ||
| 999 | |c 280581 |d 280579 | ||
| 952 | |0 0 |1 0 |4 0 |6 362_290000000000000_MIN_1997 |7 0 |8 A |9 320940 |a BIBGIM |b BIBGIM |d 2019-11-20 |i 3517233 |o 362.29 MIN 1997 |p 3517233 |r 2025-01-15 |w 2019-11-20 |y BK |k GIM | ||
| 952 | |0 0 |1 0 |4 0 |6 362_290000000000000_MIN_1997 |7 0 |8 P |9 320941 |a BIBEDU |b BIBEDU |c BIBEDU_PB |d 2019-11-20 |i 3522849 |o 362.29 MIN 1997 |p 3522849 |r 2024-01-25 |w 2019-11-20 |y BK |k BME | ||
| 952 | |0 0 |1 0 |4 0 |6 362_290000000000000_MIN_1997 |7 0 |8 P |9 320942 |a BIBEDU |b BIBEDU |c BIBEDU_PB |d 2019-11-20 |i 3524116 |o 362.29 MIN 1997 |p 3524116 |r 2024-01-25 |w 2019-11-20 |y BK |k BME | ||